| 000 | 00360nam a2200145Ia 4500 | ||
|---|---|---|---|
| 008 | 230312s9999||||xx |||||||||||||| ||und|| | ||
| 020 | _a1-3579-8642-x | ||
| 082 |
_a720.19 _bMAF-A |
||
| 100 | _aMaflin;Andrea | ||
| 245 | 0 | _aAndrea Maflin's Decorating Crafts | |
| 260 |
_bCollin & Brown _aItaly _c1998 |
||
| 300 | _a128 | ||
| 650 | _aArchitecture | ||
| 942 | _cBK | ||
| 999 |
_c11856 _d11856 |
||